00512 2200181 4500001002100000005001500021035002000036007000300056008004100059020002200100082000800122084001400130100002200144245008000166250000900246260004800255300002700303INLIS00000000000008420190429115858 a0010-0419000084ta190429 0 ind  a978-602-6577-15-3 a813 a813 S. c0 aS. Prasetyo Utomo1 aCermin Jiwa :bNovel Spiritual tentang Kearifan Sosial /cS. Prasetyo Utomo aed.1 aTangerang Selatan :bPustaka Alvabet,c2017 a264 hlm. ;c13 x 20 cm